书目信息 |
| 题名: |
秋叶特训营
|
|
| 作者: | 秋叶 著 | |
| 分册: | 写作7堂课 | |
| 出版信息: | 北京 人民邮电出版社 2019.10 |
|
| 页数: | 213页 | |
| 开本: | 24cm | |
| 丛书名: | ||
| 单 册: | ||
| 中图分类: | H15 | |
| 科图分类: | ||
| 主题词: | 汉语--han yu--写作 | |
| 电子资源: | ||
| ISBN: | 978-7-115-51866-8 | |
| 000 | 00844nam 2200253 450 | |
| 001 | 202021194457 | |
| 005 | 20211025120147.0 | |
| 010 | @a978-7-115-51866-8@dCNY55.00 | |
| 100 | @a20211005d2019 em y0chiy50 ea | |
| 101 | 0 | @achi |
| 102 | @aCN@b110000 | |
| 105 | @aak z 000yy | |
| 106 | @ar | |
| 200 | 1 | @a秋叶特训营@Aqiu ye te xun ying@i写作7堂课@f秋叶著 |
| 210 | @a北京@c人民邮电出版社@d2019.10 | |
| 215 | @a213页@c图@d24cm | |
| 314 | @a秋叶, 武汉工程大学副教授。 | |
| 330 | @a本书将写作的思维和技巧系统总结成了7堂课。从宏观的文章框架搭建, 到微观的素材搜集与整理, 从思维上对写作内容的认知, 到实践上如何规划写作时间, 都进行了详细介绍。 | |
| 517 | 1 | @a写作7堂课@Axie zuo 7 tang ke |
| 606 | 0 | @a汉语@Ahan yu@x写作 |
| 690 | @aH15@v5 | |
| 701 | 0 | @a秋叶@Aqiu ye@4著 |
| 801 | 0 | @aCN@c20210909 |
| 905 | @a河南城建学院图书馆@dH15@eQ760 | |
| 秋叶特训营.写作7堂课/秋叶著.-北京:人民邮电出版社,2019.10 |
| 213页:图;24cm |
| ISBN 978-7-115-51866-8:CNY55.00 |
| 本书将写作的思维和技巧系统总结成了7堂课。从宏观的文章框架搭建, 到微观的素材搜集与整理, 从思维上对写作内容的认知, 到实践上如何规划写作时间, 都进行了详细介绍。 |
| ● |
| 相关链接 |
|
|
|
正题名:秋叶特训营
索取号:H15/Q760
 
预约/预借
| 序号 | 登录号 | 条形码 | 馆藏地/架位号 | 状态 | 备注 |
| 1 | 1543577 | 215435777 | 语言库209/209语言库 74排1列1层/ [索取号:H15/Q760] | 在馆 | |
| 2 | 1543578 | 215435786 | 语言库209/209语言库 74排1列1层/ [索取号:H15/Q760] | 在馆 | |
| 3 | 1543579 | 215435795 | 语言库209/209语言库 74排1列1层/ [索取号:H15/Q760] | 在馆 |